Συλλογικές αναπαραστάσεις της προσφυγικής ταυτότητας στα παιδιά των ελληνοκυπρίων προσφύγων : πτυχιακή εργασία
Αποθηκεύτηκε σε:
| Κύριος συγγραφέας: | |
|---|---|
| Συγγραφή απο Οργανισμό/Αρχή: | |
| Άλλοι συγγραφείς: | |
| Μορφή: | Thesis Βιβλίο |
| Γλώσσα: | Greek |
| Δημοσίευση: |
Μυτιλήνη :
Πανεπιστήμιο Αιγαίου, Τμήμα Κοινωνικής Ανθρωπολογίας και Ιστορίας,
2003
|
| Θέματα: | |
| Διαθέσιμο Online: | http://hdl.handle.net/11610/7574 |
| Ετικέτες: |
Προσθήκη ετικέτας
Δεν υπάρχουν, Καταχωρήστε ετικέτα πρώτοι!
|
MARC
| LEADER | 00000cam a2200000 i 4500 | ||
|---|---|---|---|
| 001 | 1/23504 | ||
| 008 | 060202s2003 gre d | ||
| 035 | |l 10082443 | ||
| 040 | |a GR-MY-UA |b gre |e aacr | ||
| 041 | 0 | |a gre | |
| 082 | 0 | |a 362.87 | |
| 100 | 1 | |a Παπαπέτρου, Μαρία. | |
| 245 | 1 | 0 | |a Συλλογικές αναπαραστάσεις της προσφυγικής ταυτότητας στα παιδιά των ελληνοκυπρίων προσφύγων : |b πτυχιακή εργασία / |c Παπαπέτρου Μαρία ; υπεύθυνη καθηγήτρια Βασιλική Χρυσανθοπούλου |
| 260 | |a Μυτιλήνη : |b Πανεπιστήμιο Αιγαίου, Τμήμα Κοινωνικής Ανθρωπολογίας και Ιστορίας, |c 2003 | ||
| 300 | |a 76 σ.; |b εικ.; |c 30 εκ. | ||
| 502 | # | # | |a Πτυχιακή εργασία – Πανεπιστήμιο Αιγαίου, Λέσβος, 2003. |
| 504 | |a Βιβλιογραφία: 71-73 | ||
| 650 | 0 | 0 | |a Refugee children. |
| 650 | 0 | 0 | |a Refugees |x Social conditions. |
| 650 | 0 | 0 | |a Dissertations, Academic |z Greece. |
| 700 | 1 | |a Χρυσανθοπούλου, Βασιλική. |4 ths | |
| 710 | 2 | |a Πανεπιστήμιο Αιγαίου. |b Σχολή Κοινωνικών Επιστημών. |b Τμήμα Κοινωνικής Ανθρωπολογίας και Ιστορίας. | |
| 852 | |a INST |b LESVOS |c DIATR |e 20060323 |h 25 |p 005100035498 |q 005100035498 |t DIE |y 23 | ||
| 852 | |a INST |b LESVOS |c DIATR |e 20060202 |h 26 |p 005100034428 |q 005100034428 |t DIE |y 23 | ||
| 856 | |u http://hdl.handle.net/11610/7574 | ||
| 901 | |a BIBL1-2006-1 | ||
| 909 | |a Λ |b 107009 | ||
| 909 | |a Λ |b 107008 | ||
| 924 | |a ΠΑΠΑΠΕΤΡΟΥ |b ΜΑΡΙΑ |y ΛΕΣΒΟΣ |z 2003-11 | ||
| 970 | |a ΜΑΡΙΝΑΤΟΥ |b ΜΥΡΣΙΝΗ |z 2006/02/02 | ||